Loading...
| Science - Chemistry | 0 | 5 | 0 | 2 | 50 | 69 | 86.80 | 0 | 0 | 5.47 | 16.23 |
| Science - Physics | 0 | 4 | 0 | 1 | 40 | 45 | 72.25 | 0 | 1 | 11.08 | 18.66 |
| Fine Arts - Classical Music | 0 | 2 | 0 | 0 | 20 | 81 | 95.50 | 0 | 0 | 2.52 | 6.89 |
| Mythology | 0 | 1 | 0 | 0 | 10 | 106 | 106.00 | 0 | 0 | 0.64 | 2.27 |
| Popular Culture | 0 | 1 | 0 | 0 | 10 | 53 | 53.00 | 0 | 1 | 8.64 | 15.28 |
| Religion | 0 | 1 | 0 | 1 | 10 | 120 | 120.00 | 0 | 0 | 0.00 | 0.91 |
| Science - Biology | 0 | 1 | 0 | 0 | 10 | 87 | 87.00 | 0 | 0 | 1.90 | 3.79 |
| Science - Other | 0 | 1 | 0 | 1 | 10 | 129 | 129.00 | 0 | 0 | 0.34 | 1.52 |
| Social Science | 0 | 1 | 0 | 0 | 10 | 46 | 46.00 | 0 | 1 | 7.27 | 8.75 |
| Literature - European | 0 | 1 | 0 | 0 | 10 | 111 | 111.00 | 0 | 0 | 0.00 | 0.91 |
| Literature - World | 0 | 1 | 0 | 0 | 10 | 85 | 85.00 | 0 | 0 | 2.60 | 1.52 |
| Literature - American | 0 | 0 | 0 | 0 | 0 | 0.00 | 0 | 0 | 0.00 | 0.00 | |
| Fine Arts - Painting and Sculpture | 0 | 0 | 1 | 0 | -5 | 0.00 | 0 | 0 | 0.00 | 0.00 |